000 00430nam a2200145Ia 4500
008 240729s9999 xx 000 0 und d
022 _a2746-1521
245 0 _aJournal of Advanced Guidance and Counseling
260 _aIndonesia
260 _bUIN Walisongo Semarang, Fakultas Dakwah dan Komunikasi
650 _aEducation
856 _uhttps://doaj.org/toc/d6edba9880804c0fba557c80793130d0
942 _2ddc
942 _cDOAJEJ
999 _c68135
_d68135
945 _a1
_bMadushi Gamage
_c1
_dMadushi Gamage